| 000 | 00510nam a2200181Ia 4500 | ||
|---|---|---|---|
| 999 |
_c29176 _d29176 |
||
| 003 | OSt | ||
| 005 | 20201221110921.0 | ||
| 008 | 190216s9999||||xx |||||||||||||| ||und|| | ||
| 020 | _a9788124017296 | ||
| 040 | _coclc | ||
| 082 |
_a894.8121 _bBAB/N |
||
| 100 |
_aBabu, Manambur Rajan _97715 |
||
| 245 | 0 |
_aNerinte Niram / _cManambur Rajan Babu |
|
| 260 |
_bCurrent Books, _aKottayam: _c2007. |
||
| 300 | _a63p | ||
| 650 | _aKavitha | ||
| 942 |
_cBK _2ddc _h894.8121 _iBAB/N _k894.8121 _mBAB/N |
||